000 00564cam a22002053a 4500
001 35957
003 PGUSA
005 20140828083755.0
008 110425s2011||||xxu|||||s|||||000 | eng d
040 _aPGUSA
_beng
042 _adc
100 1 _aKay, Ross
245 1 4 _aThe Go Ahead Boys in the Island Camp
_h[electronic resource] /
_cRoss Kay
260 _bProject Gutenberg,
_c2011
506 _aPublic domain in the USA.
516 _aElectronic text
830 0 _aProject Gutenberg
_v35957
856 4 0 _uhttp://www.gutenberg.org/ebooks/35957
942 _cEB
999 _c265212
_d265212